000
00272nam a2200097Ia 4500
001
645086
005
20250826153617.0
008
250824s9999 xx 000 0 und d
245
0
_a
SEVGİ NEREDEYSE TANRI ORDADIR ANTİK YENİ
_c
TOLSTOY
260
_b
ANTİK DÜNYA KLASİKLERİ
999
_c
645086
_d
645086